000
00220nam a2200097Ia 4500
008
170627s9999 xx 000 0 und d
100
_a
PAREEK-UDAI
245
0
_a
TRAINING INSTRUMENTS HRD AND OD
260
_b
TMH
260
_c
2007
546
_a
ENGLISH
999
_c
35543
_d
35543